000 00665nam a2200241Ia 4500
003 OSt
005 20220928122052.0
006 a|||||r|||| 00| 0
007 ta
008 220927b |||||||| |||| 00| 0 eng d
024 _a69311
037 _cTextual
040 _aSDCL
_cSDCL
_beng
041 _2eng
_aeng
082 _aR851, N6
100 _aSharples R W
_9435999
245 0 _aStoicism, epigram and sceptic
_b An introduction to holiness philosophy.
260 _aLondon
_bRoutledge
_c1996
300 _axiv,154p
_ccm.
650 _aGreek philosophy
_9455851
942 _hR851, N6
_cTEXL
_2CC
999 _c769495
_d769495